Match the Song with Hololive Talent - Statistics

General Stats
  • This quiz has been taken 28 times
    27 since last reset
  • The average score is 71 of 501
Answer Stats
Song Answer % Correct
mumei Nanashi Mumei
96%
Stellar Stellar Hoshimachi Suisei
91%
Ahoy!! We are Houshou Pirates Houshou Marine
70%
Rebellion Advent
61%
Reflect Gawr Gura
61%
Above Below Justice
61%
Psycho Hakos Baelz
57%
DEAD BEATS Mori Calliope
57%
Your Mori. Mori Calliope
57%
Mogu Mogu YUMMY! Nekomata Okayu
57%
Violet Ninomae Ina'nis
57%
DO U Takanashi Kiara
57%
comet Hoshimachi Suisei
52%
Carbonated Love IRyS
52%
ChocoLove Yuzuki Choco
52%
Dead Ma'am's Chest Houshou Marine
48%
Marine Set Sail!! Houshou Marine
48%
IrohaStep! Kazama Iroha
48%
#aqua iro palette Minato Aqua
48%
Pekomiko Daisensou!! REDALiCE feat. Usada Pekora & Sakura Miko
48%
ReGLOSS ReGLOSS
48%
My name is elite☆ Sakura Miko
48%
Hi Fine FOX!! Shirakami Fubuki
48%
Astrogirl Tsukumo Sana
48%
WatAme Pop Tsunomaki Watame
48%
Born to be “BAU”DOL☆★ FUWAMOCO
43%
HOLOTORI Dance! HOLOTORI
43%
GHOST Hoshimachi Suisei
43%
Bishoujyo Muzai♡Pirates Houshou Marine
43%
Ahoy!! You’re All Pirates♡ Houshou Marine
43%
aqutan no koto sukisugi☆song/ For The Win Minato Aqua
43%
♡aquatime select♡ Minato Aqua
43%
Nenechi’s Giragira Fan Meeting Momosuzu Nene
43%
end of a life Mori Calliope
43%
PEKORANDOMBRAIN Usada Pekora
43%
Saikyo Megami†Usa Pekora Usada Pekora
43%
Lamy*Love♡Fest☆ Yukihana Lamy
43%
SUICHAN-NO-MAINTENANCE SONG Hoshimachi Suisei
39%
BIBBIDIBA Hoshimachi Suisei
39%
I’m Your Treasure Box Houshou Marine
39%
I I I Houshou Marine, Kobo Kanaeru
39%
MAGE OF VIOLET Murasaki Shion
39%
SHION Murasaki Shion
39%
Say My Name Nerissa Ravencroft
39%
HOT DUCK! Oozora Subaru
39%
Sakura Day’s Sakura Miko
39%
Lioness' Pride Shishiro Botan
39%
Mirage Takanashi Kiara
39%
HoloHawk Takane Lui
39%
BANCHO Todoroki Hajime
39%
Palette Tokoyami Towa
39%
Sirens Advent
35%
RED HEART Akai Haato
35%
Let Me Stay Here Ceres Fauna
35%
We are GAMERS!!!! GAMERS
35%
SAIKYO TENSAI WANDERFUL WORLD of KORONE Inugami Korone
35%
High Tide Moona Hoshinova
35%
Who's Toxic? It's You! Moona Hoshinova
35%
A New Start Nanashi Mumei
35%
Never Give Up Natsuiro Story! Natsuiro Matsuri
35%
Po Omaru Polka
35%
Howling Ookami Mio
35%
Sakurakaze Sakura Miko
35%
Sakurairo High Tension! Sakura Miko
35%
Kyun Kyun MIKO Kyun kyun♡ Sakura Miko
35%
KONKON Beats Shirakami Fubuki
35%
Dreamy sheep Tsunomaki Watame
35%
RaRaRa Rabbit Usada Pekora
35%
Ash Again Gawr Gura & Casey Edwards
30%
Play Dice! Hakos Baelz
30%
soirée Hoshimachi Suisei
30%
Bluerose Hoshimachi Suisei
30%
Doggy god's street Inugami Korone
30%
HERE COMES HOPE IRyS
30%
Off With Their Heads Mori Calliope
30%
Q Mori Calliope | Gawr Gura
30%
Neko Kaburi-Na Nekomata Okayu
30%
Nya-Hello World!!! Sakura Miko
30%
Say!Fanfare! Shirakami Fubuki
30%
UMISEA no SACHIHAPPY! UMISEA
30%
TENSHI NO AGAPE Amane Kanata
26%
Chiku Taku Amelia Watson
26%
ALiCE&u Ayunda Risu
26%
from A to Z AZKi
26%
SHINKIRO GuraMarine
26%
SHIAWASE√KOYORINIUM Hakui Koyori
26%
Unison Houshou Marine
26%
How about Paipai Mask? Houshou Marine
26%
id:entity voices Indonesia
26%
Wonky Monkey Inugami Korone
26%
Caesura of Despair IRyS
26%
Maitake Dance Juufuutei Raden
26%
Matsutake Dance Juufuutei Raden
26%
Shiitake Dance Juufuutei Raden
26%
Mahou Shoujo☆Magical GOZARU Kazama Iroha
26%
NEW[zom]BIE!! Kureiji Ollie
26%
Graveyard Shift feat. BOOGEY VOXX Mori Calliope
26%
UnAlive Mori Calliope
26%
Yoi no Yo, Yoi! Nakiri Ayame
26%
Meconopsis Ninomae Ina'nis
26%
Saikyou tic Polka Omaru Polka
26%
MikkoronexShowtime!! Sakura Miko | Inugami Korone
26%
HINOTORI Takanashi Kiara
26%
SPARKS Takanashi Kiara
26%
Hop Step Sheep Tsunomaki Watame
26%
USAGI THE MEGAMI Usada Pekora
26%
Lamy’s Baribari Workout Yukihana Lamy
26%
Breaking Dimensions English
22%
diorama IRyS
22%
Shimeji Dance Juufuutei Raden
22%
Eringi Dance Juufuutei Raden
22%
I wanna Minato Aqua
22%
momonone Momozuzu Nene
22%
Perisai Jitu Moona Hoshinova
22%
Reaper vs. Sheep Mori Calliope | Tsunomaki Watame
22%
Journey Like a Thousand Years Myth
22%
Kawayo Nakiri Ayame
22%
It's Not A Phase Nanashi Mumei | Ceres Fauna
22%
Sweetest Scarlet Nerissa Ravencroft
22%
HOLOGRAM CIRCUS Omaru Polka
22%
Rise Promise
22%
Mikkorone × Yatteyanyo!! Sakura Miko | Inugami Korone
22%
KINGWORLD Shirakami Fubuki
22%
Hurray! Hurray! Elf-Friend! Shiranui Flare
22%
Mayday Tsunomaki Watame
22%
ZenjinruiUsagikakeikaku! Usada Pekora
22%
You're Mine Vestia Zeta
22%
BUTA Akai Haato
17%
Inochi AZKi
17%
Fake.Fake.Fake AZKi
17%
Intersection AZKi
17%
Zettai Chuusei Nanonanora Himemori Luna
17%
Escort me! Luknight Himemori Luna
17%
Wicked feat. Mori Calliope Hoshimachi Suisei
17%
Orbital Period Hoshimachi Suisei
17%
TwiLight IRyS
17%
Sparks of Joy IRyS
17%
One Step at a Time IRyS
17%
Gravity IRyS
17%
Moment of my life IRyS
17%
DIAMOND GIRLFRIEND feat.MOTSU IRyS
17%
Backseat Kaela Kovalskia
17%
Oh! Asmara Kobo Kanaeru
17%
Non-Fiction Myth
17%
In My Feelings Nerissa Ravencroft
17%
Our Promise Promise
17%
Jinsei Reset Button Pochi Sakamata Chloe
17%
Baby Dance Sakura Miko
17%
Cherry Message Sakura Miko
17%
REMIX-LionessPrideIIILoveYou- Shishiro Botan
17%
Fever Night Takanashi Kiara
17%
Fire N Ice feat. Mori Calliope Takanashi Kiara
17%
CHIMERA Takanashi Kiara
17%
PERFUME Takanashi Kiara
17%
Countach Todoroki Hajime
17%
BANZAI Todoroki Hajime
17%
Purple Disease Tokoyami Towa
17%
Ocean wave Party☆Live UMISEA
17%
Fleur Yukihana Lamy
17%
Our Bright Parade English Ver. Advent
13%
Q&A=E Airani Iofifteen
13%
SHALLYS Aki Rosenthal
13%
ROSE of the LAMP Aki Rosenthal
13%
Tokusya-Seizon Wonder-la-der!! Amane Kanata
13%
Shit Days AZKi
13%
Sayonara Hero AZKi
13%
ERROR AZKi
13%
Without U AZKi
13%
The Last Frontier AZKi | Hoshimachi Suisei
13%
Odyssey English
13%
Tokyo Wabi-Sabi Lullaby Gawr Gura
13%
Pandæmonium Hakos Baelz
13%
Round and Round and CircLuna Himemori Luna
13%
Jibun Katte Dazzling Hoshimachi Suisei
13%
TEMPLATE Hoshimachi Suisei
13%
syakunetsu nite junjou(wii-wii-woo) Hoshimachi Suisei
13%
Moonlight Hoshimachi Suisei
13%
AWAKE Hoshimachi Suisei
13%
Shiny Smily Story IDOL PROJECT
13%
TROUBLE “WAN”DER! Inugami Korone
13%
Journey IRyS
13%
Kaentake Dance Juufuutei Raden
13%
Mandi Biar Wangi ☆ Washa Washa! Kobo Kanaeru
13%
JOLLIE JOLLIE Kureiji Ollie
13%
Let me be your SAIOSHI! Minato Aqua
13%
Lunch with me Momozuzu Nene
13%
Multiverse Moona Hoshinova
13%
100% (feat. Nerissa Ravencroft) Moona Hoshinova
13%
Cursed Night Mori Calliope
13%
Dawn Blue Mori Calliope
13%
Riazyuu★Bokumetu movement Murasaki Shion
13%
ReUnion Myth
13%
YumeHanabi Nakiri Ayame
13%
Doku no Oujisama Nekomata Okayu
13%
POISONYA SYNDROME Nekomata Okayu
13%
EverBlue Omaru Polka
13%
SASHIMIO feat.SubaOka Ookami Mio
13%
Yakou Tsuushinn Ookami Mio
13%
Sayonara wa Mada Ookami Mio
13%
Pleiades! Oozora Subaru
13%
GREATEST Otonose Kanade
13%
Gate Open: START! Pavolia Reine
13%
Shunkan Heartbeat ReGLOSS
13%
Kagetsu no Yume Sakura Miko
13%
OTOME NO SUSUME♡! Sakura Miko
13%
flower rhapsody Sakura Miko
13%
LETTER☆彡 Shirakami Fubuki
13%
SUPERNOVA Shirakami Fubuki
13%
NOESANPO Shirogane Noel
13%
I I I Love You Shishiro Botan
13%
Heart Challenger Takanashi Kiara
13%
Overd Takane Lui
13%
Evil Eye Wink Takane Lui
13%
Aozora no Symphony Tokino Sora
13%
U Feel Overjoyed! Tokoyami Towa
13%
Domination! All the World Is an Ocean UMISEA
13%
Break It Down Vestia Zeta
13%
Asuenokyokaisen Yukihana Lamy
13%
Kiseki knot 4th Generation
9%
Infinity Akai Haato
9%
Chuuku No Niwa Amane Kanata
9%
Betsu Sekai Amane Kanata
9%
madoromi Amane Kanata | Tokoyami Towa
9%
ONIKEMODANCE AyaFubuMi
9%
OniOniKonKonWaon AyaFubuMi
9%
I can't control myself AZKi
9%
Hikari no Machi AZKi
9%
Kurogane no Moribito AZKi
9%
Hikari AZKi
9%
Take me to Heaven AZKi
9%
Aoi Yume AZKi
9%
Nanawari Enemy AZKi
9%
afterglow AZKi
9%
pipapo☆pipipu BABACORN
9%
Happiness World BABACORN (Houshou Marine / Shirakami Fubuki)
9%
Connect the World English
9%
BITE! KAMU! BITE! Hakos Baelz | Inugami Korone
9%
WAO!! Hakui Koyori
9%
Bye Bye Rainy Hoshimachi Suisei
9%
ROMAN HIKOU Houshou Marine
9%
Our Bright Parade IDOL PROJECT
9%
HI:STREET TIME Indonesia
9%
Senandung Jiwa Indonesia
9%
Kawaiko Check! Inugami Korone
9%
See the world IRyS
9%
Till the end of me IRyS
9%
Mantra Hujan Kobo Kanaeru
9%
Dark Breath La+ Darknesss
9%
Aien-Jihen La+ Darknesss
9%
Sugar Rush miComet
9%
KAISOU RESSHA Minato Aqua
9%
Kira Kira Minato Aqua
9%
uni-birth Minato Aqua
9%
princess carry Minato Aqua
9%
kimiiro princess Minato Aqua
9%
Ring-A-Linger Momosuzu Nene
9%
congrachu☆march Momozuzu Nene
9%
Ai no Chiisana Uta Moona Hoshinova
9%
melting Nakiri Ayame
9%
Zettai Monarchy Carnival! Natsuiro Matsuri
9%
NEGI☆U NO PANAIUTA NEGI☆U
9%
adieu, Salauds Nekomata Okayu
9%
Decogradation Nekomata Okayu
9%
Gazania Nekomata Okayu
9%
TEMARI Ninomae Ina'nis
9%
Pastel Tea Time Omaru Polka
9%
PERSONA Omaru Polka
9%
Epilogue in Attic Omaru Polka
9%
Wakuwaku Everyday Ookami Mio | Shirakami Fubuki
9%
Taiyou Shoujyo Oozora Subaru
9%
Sip Some Tea Pavolia Reine
9%
Sakura Mirage ReGLOSS
9%
spiral tones Rikka | Mori Calliope
9%
rirubi Robocosan
9%
glory days Robocosan
9%
Heart Online Sakura Miko
9%
ikenie Sakura Miko
9%
DAI DAI DAI Fantasista Sakura Miko
9%
Bokuranoseiza Shirakami Fubuki
9%
Smile & Go!! Shiranui Flare
9%
Homenobi Shirogane Noel
9%
ours Shirogane Noel
9%
Happy Shirogane Noel
9%
TSUBASA Takane Lui
9%
raimei Tokoyami Towa
9%
ANEMONE Tokoyami Towa
9%
My Abyss Tokoyami Towa
9%
aimai chocolate Tsunomaki Watame
9%
Everlasting Soul Tsunomaki Watame
9%
What an amazing swing Tsunomaki Watame
9%
NoDistance Yuzuki Choco
9%
Plasmagic Seasons! 1st Generation
4%
Twinkle 4 You 5th Generation
4%
BAN RTA Akai Haato
4%
Who2 Akai Haato
4%
Heroine Audition Aki Rosenthal
4%
Knock it out! Amane Kanata
4%
START UP Amane Kanata
4%
Unknown DIVA Amane Kanata
4%
Cupid Amane Kanata
4%
self service Amane Kanata
4%
Everlasting knife Anya Melfissa
4%
Hozukibiyori AyaFubuMi
4%
Renjo Shiika AyaFubuMi
4%
1:15 AM Ayunda Risu
4%
Metropolis Ayunda Risu
4%
Harapan panpanpan Ayunda Risu / Aragami Oga
4%
HI-15 Ayunda Risu | Moona Hoshinova | Airani Iofifteen
4%
Creating World AZKi
4%
Real Melancholy AZKi
4%
Felicia AZKi
4%
Starry Regrets AZKi
4%
mirror AZKi
4%
Eternity Bright AZKi
4%
Neko Naraba Ikeru AZKi
4%
Saikyo x Saijyaku Girl AZKi
4%
Gamen No Nakano Kimi Ga Suki AZKi
4%
petrichor AZKi
4%
equal AZKi
4%
FG ROADSTER FLOW GLOW
4%
ZODIAC Hakos Baelz
4%
Feast Hakos Baelz
4%
Girls seeks Q.E.D. Hakui Koyori
4%
Shijyo Saidai no QUESTION! Hakui Koyori
4%
Egoistic seesaw Hakui Koyori
4%
Jouya Repaint holoX
4%
Kyouen Solidarity〜SHAKE★NABE〜 holoX
4%
Gyoukou Chronicle holoX
4%
OUT OF FRAME Hoshimachi Suisei | Inui Toko
4%
GET THE CROWN Hoshimatic Project
4%
Kyoumodaitensai! Ichijou Ririka
4%
Yumemiru Sora He IDOL PROJECT
4%
Kirameki Rider IDOL PROJECT
4%
Halloween Night, Tonight! IDOL PROJECT
4%
BLUE CLAPPER IDOL PROJECT
4%
Hyakka Ryoran Hanafubuki IDOL PROJECT
4%
SHIJOSHUGI ADTRUCK IDOL PROJECT
4%
Candy-Go-Round IDOL PROJECT
4%
DAILY DIARY IDOL PROJECT
4%
Suspect IDOL PROJECT
4%
STARDUST SONG IDOL PROJECT
4%
Dreaming Days IDOL PROJECT
4%
AsuiroClearSky IDOL PROJECT
4%
Prism Melody IDOL PROJECT
4%
Seishun Archive IDOL PROJECT
4%
Aventure Holic IDOL PROJECT
4%
Can You Do the hololive? hololive SUPER EXPO 2024 ver. IDOL Project
4%
Juara Khatulistiwa Indonesia
4%
Mad POPCORN World! Inugami Korone
4%
Akatsuki to Hana IRyS
4%
Quarter Bravery IRyS
4%
TENKAIDOKYUU OSHIGOTO ROAD KANAKEN
4%
Kazewo Aogishi Reiyona Kazama Iroha
4%
Sebatas Video Call Kobo Kanaeru
4%
Prism no Mahou Koseki Bijou
4%
On your side Magical Girl holoWitches!
4%
Choco♡Melty MelKiss
4%
Stay Blue (2022) Minato Aqua
4%
Girl loved by Aim Minato Aqua
4%
kizuna to kiseki with hololive JP Minato Aqua
4%
Nightmare Moona Hoshinova
4%
Ibasho Mori Calliope
4%
Chandelier Murasaki Shion
4%
Cinderella Magic Murasaki Shion
4%
The Show Goes On! Myth
4%
HiHi Tension! Natsuiro Matsuri
4%
ENDLESS FES Natsuiro Matsuri
4%
PANIGHT NEGI☆U
4%
DETABARECAT Nekomata Okayu
4%
Swallow the venom Nekomata Okayu
4%
just a kiss Nekomata Okayu
4%
Filmy Funny Omaru Polka
4%
Shoushin Ryokou Ookami Mio
4%
Dandelion Ookami Mio
4%
Summer high heels Oozora Subaru
4%
starlight Oozora Subaru
4%
Stellar Symphony Oozora Subaru
4%
Over Time ORIO
4%
Love Me Love Me Pavolia Reine
4%
Ano Aozora no Sei da Pavolia Reine
4%
Illusion Night Pavolia Reine
4%
symmetry ReGLOSS
4%
kotonoha Robocosan
4%
with∅ Robocosan
4%
Marionette Sakamata Chloe
4%
Paralyze Sakamata Chloe
4%
Moodoku Sakamata Chloe
4%
EP「heart♡connect」 Sakura Miko
4%
Brinyan’s Mode ha Pi Pi Pi no Pi ♡ Shirakami Fubuki
4%
Zenryoku-Jumping! Shiranui Flare
4%
Yggdrasil Shiranui Flare
4%
SKYSONAR Shiranui Flare
4%
Lyrical Monster Shirogane Noel
4%
Connect:Addict Shishiro Botan
4%
Simulacre Shishiro Botan
4%
Kurenai Kuronikuru SorAZ
4%
zigokudeaouze!subachocolunatan subachocolunatan
4%
Point of View Takanashi Kiara
4%
ZIG-ZAG Takane Lui
4%
Dreaming! Tokino Sora
4%
Hurray Hurray LOVE Tokino Sora
4%
My Loving Tokino Sora
4%
ON STAGE! Tokino Sora
4%
Scream Tokoyami Towa
4%
Sanvitalia Tokoyami Towa
4%
Melody for You Tsunomaki Watame
4%
Kimiiro Hanamizuki Tsunomaki Watame
4%
BIRI Tsunomaki Watame
4%
LAMBDUCK TSUNOMAKI WATAME | OOZORA SUBARU
4%
It Comes Ryuuu And It Goes Kyuuu UMISEA
4%
Alibi Bunny Usada Pekora
4%
Hatsukoi Pâtissière Yukihana Lamy
4%
Watashi wo amayakasunara Yukihana Lamy
4%
Secret Class Yuzuki Choco
4%
Secret Garden 1st Generation
0%
Cyber Pure Love Declaration 1st Generation
0%
Cosmic Wonderful Tour! 5th Generation
0%
Hyper Jumpin’ 5th Generation
0%
Here I am Airani Iofifteen
0%
Garbage♡Goutmet!!! Akai Haato
0%
Your destiny situation Aki Rosenthal
0%
Ibara Aki Rosenthal
0%
Junsuishin Amane Kanata
0%
Unreal Veil Anya Melfissa
0%
CHRONIC Anya Melfissa
0%
Sing Out Ayunda Risu
0%
canopus AZKi
0%
GINGATOKAIRO AZKi
0%
DODEKAMBITIOUS Dodequartet
0%
REALITY FANTASY FANTASY
0%
24K GOLD FLOW GLOW
0%
HIDE & SEEK 〜Nakayoku Kenkashina〜 Hakos Baelz, Usada Pekora
0%
Unbalance Hakui Koyori
0%
Tear-Gazer Hakui Koyori
0%
New Journey Hakui Koyori
0%
Decorate Hakui Koyori
0%
Mannaka-Chiten Himemori Luna
0%
Club Blue Fire Hiodoshi Ao
0%
Color Rise Harmony hololive IDOL PROJECT
0%
Labyrinthine Labyrinth holoX
0%
Cho Yume Dodekkai! holoX
0%
My Happy Transmission Hoshimachi Suisei
0%
Pathfinder Hoshimachi Suisei
0%
XION Hoshimachi Suisei
0%
Interact Fantasia IDOL PROJECT
0%
Merry Holy Date♡ IDOL PROJECT
0%
Capture the Moment IDOL Project
0%
Dramatic XViltration Indonesia 1st Generation
0%
Slap by Step Indonesia 2nd Generation
0%
save our hearts Indonesia 3rd Generation
0%
Dreamy Sky Kazama Iroha
0%
Hardmode Kazama Iroha
0%
HISTORY Kureiji Ollie (feat. Rustage)
0%
drop candy La+ Darknesss
0%
Buglove La+ Darknesss
0%
HajimarinoMahou-charm- Magical Girl holoWitches!
0%
Strategic Love Minato Aqua
0%
I’m difficult, but love me Momosuzu Nene
0%
ORBITURE Moona Hoshinova
0%
Forgive Me Medicine Murasaki Shion
0%
Virtualove Natsuiro Matsuri
0%
LOVE LETTER Natsuiro Matsuri
0%
Forever glow Omaru Polka
0%
Dawn Mellow Ookami Mio
0%
Camellia Ookami Mio
0%
Night walk Ookami Mio
0%
Colorful Universe Ookami Mio
0%
Souten ni Moyu Ouro Kronii
0%
Yummy Yum Yummy Pavolia Reine
0%
bubble maybe ReGLOSS
0%
feelingradation ReGLOSS
0%
Right Left You You Puppy dog eyes Mecho kawaii ! Sakamata Chloe
0%
Mazaru Nibiiro Sakamata Chloe
0%
Our And Your Song Sakura Miko
0%
yamato phantasia Shirakami Fubuki | Nakiri Ayame | Ookami Mio | Sakura Miko
0%
NAKAMAKA Shiranui Construction
0%
scrap & build ! Shiranui Construction
0%
Atelier Shiranui Flare
0%
Canvas Shiranui Flare
0%
Like Marble Shiranui Flare
0%
Funfair Shiranui Flare
0%
angel’s ladder Shiranui Flare
0%
Stay Blue (2025) Shiranui Flare | IRyS
0%
Lights Shishiro Botan
0%
Happy☆Fever! hololive Sports Festival Committee
0%
hikari ni nare! Sports Festival Committee
0%
story time Star Flower(Hoshimachi Suisei | AZKi | Moona Hoshinova | IRyS)
0%
Liberty Takane Lui
0%
Boom Team ahamo(Amamiya Kokoro/Tachibana Hinano/Ars Almal/Natsuiro Matsuri/Omaru Polka)
0%
Aster Tokoyami Towa
0%
S.T.Y. Tokoyami Towa
0%
Fins Tsunomaki Watame
0%
Now on step Tsunomaki Watame
0%
Revival Tsunomaki Watame
0%
BridalDream Usada Pekora & Houshou Marine
0%
All Aboard! Viv:ID CRUISE ~Bokura ga Kuru Kara~ viv:ID CREW
0%
Sickbay Mistake Yuzuki Choco
0%
Nobody’s Christmas! Yuzuki Choco
0%
Got Cheat Yuzuki Choco
0%
Euphoria Yuzuki Choco
0%
Burst Song of Destruction Yuzuki Choco
0%
No matching quizzes found
Score Distribution
Percent of People with Each Score
Percentile by Number Answered
Your Score History
You have not taken this quiz since the last reset